=LDR 00000nam 2200000 4500 =001 INLIS000000000029963 =005 20130612132142 =008 ***********************************ind** =035 ##$$0010-061300000029963 =041 ##$$a ind =082 ##$$a 028.5 =090 ##$$a 028.5, PUS l =100 ##$$a Pusparini, Sari =245 ##$$a Laura, Robin, dan perampok, Sari Pusparini =260 ##$$a 1997 $b Jakarta =300 ##$$a 25 hlm., ilus., 30 cm =650 ##$$a Fiksi Anak =850 ##$$a NBPNMAT